Statistics of British commerce. : Being a compendium of the productions, manufactures, imports, and exports, of the United Kingdom ... /

Bibliographic Details
Main Author: Poole, Braithwaite
Format: Book
Language:English
Published: London : W.H. Smith & Son; [etc., etc.], 1852.
Subjects:

MARC

Tag First Indicator Second Indicator Subfields
LEADER 00000cam a2200000 4500
001 in00000084641
005 20151008053200.0
008 800515s1852 enk ds 00010 eng
010 |a  05039079  
035 |a (OCoLC)06321793 
035 |9 AAH6560AM 
040 |a DLC  |c TXA  |d UtOrBLW 
049 |a TXAM  |c [175583] 
050 0 |a HF1001  |b .P72 
092 |a 380.3  |b P822s 
100 1 |a Poole, Braithwaite. 
245 1 0 |a Statistics of British commerce. :  |b Being a compendium of the productions, manufactures, imports, and exports, of the United Kingdom ... /  |c By Braithwaite Poole ... 
264 1 |a London :  |b W.H. Smith & Son; [etc., etc.],  |c 1852. 
300 |a vii, 332 pages, 1 . ;  |c 23 cm. 
336 |a text  |b txt  |2 rdacontent 
337 |a unmediated  |b n  |2 rdamedia 
338 |a volume  |b nc  |2 rdacarrier 
650 0 |a Commerce  |x Dictionaries. 
651 0 |a Great Britain  |x Commerce. 
999 |a MARS 
999 f f |s 8073e1ca-00a3-3e3a-9d35-e61444e6995c  |i ba0f1274-87b5-3786-a91a-735d6b4a22d3  |t 0 
952 f f |p ric  |a Texas A&M University  |b Rellis Campus  |c Joint Library Facility  |d Remote Storage  |t 0  |e HF1001 .P72  |h Library of Congress classification  |i unmediated -- volume  |m A14800873484 
998 f f |a HF1001 .P72  |t 0  |l Remote Storage